Leben des Willy Brandt - Statistiken

Allgemein
  • Dieses Quiz wurde 24 mal gespielt
  • Das Durchschnittsergebnis liegt bei 9 aus 25
Antwortstatistiken
Antwort % Korrekt
Mit welcher Partei koalierte Brandt als Bundeskanzler? FDP
76%
Außenpolitische Geste, für die Brandt berühmt wurde Warschauer Kniefall (1970)
71%
So viele Anläufe brauchte Brandt, um zum Bundeskanzler der Bundesrepublik Deutschland gewählt zu werden drei (1961, 1965, 1966)
67%
Wahlalter in der Bundesrepublik Deutschland vor 1970 21
62%
Wie hieß Brandt mit bürgerlichem Namen? Herbert Ernst Karl Frahm
62%
Wo wurde Brandt geboren? Lübeck
62%
In dieses Land emigrierte Willy Brandt nach der Machtergreifung der Nationalsozialisten 1933 Norwegen
62%
In welchem Jahr trat Brandt der SPD wieder bei? 1948
38%
Jahr, in dem Willy Brandt in Unkel bei Bonn starb 1992
38%
In welches Land floh Brandt nach kurzer Gefangenschaft 1940? Schweden
38%
Von wann bis wann war Brandt Kanzler der Bundesrepublik Deutschland? 1969-1974
33%
Affäre um Brandt, die ihn letztendlich zum Rücktritt bewegte Guillaume-Affäre
33%
Erstes Mandat in einer Regierungskoalition auf Bundesebene Vizekanzler, Außenminister
33%
Welchen Scheinberuf übte Brandt während seiner verdeckten Tätigkeit in Berlin zum Aufbau des Widerstandes aus? Journalist
24%
Wer war bei Wiedereintritt Brandts in die SPD Parteivorsitzender dieser? Kurt Schumacher (1946-1952)
24%
Wahlslogan der SPD in der Wahlkampagne 1969 Mehr Demokratie wagen
24%
Vertrag zwischen BRD und DDR über die Anerkennung der DDR als eigenständiger Staat und Aufnahme diplomatischer Beziehungen Grundlagenvertrag
19%
Motto der deutschen Außenpolitik unter Brandt Wandel durch Annäherung
19%
Verträge, die zwischen 1970 und 1973 unter Brandt mit Polen und der Sowjetunion geschlossen wurden (Anerkennung der Oder-Neiße-Grenze) Ostverträge
14%
Erstes bedeutendes Mandat für die SPD im Nachkriegsdeutschland Regierender Bürgermeister von Berlin
14%
Begriff, der die Außenpolitik der Bundesrepublik Deutschland in den 1970er Jahren beschreibt Neue Ostpolitik
10%
Welcher Partei schloss sich Brandt nach seinem Bruch mit der SPD an als junger Mann an? Sozialistische Arbeiterpartei Deutschlands
10%
Von dieser Organisation war Brandt 16 Jahre Vorsitzender Sozialistische Internationale (1976-1992)
10%
Deckname des Willy Brandt in dieser Zeit Gunnar Gaasland
5%
Welche Staatsbürgerschaft hatte Brandt 1938-1940 inne? keine/staatenlos
5%
Keine übereinstimmenden Quizze gefunden
Verteilung der Resultate
Anzahl Personen mit jedem Resultat
Perzentil nach korrekt beantworteten Fragen
Ihre Resultats-Entwicklung
Sie haben dieses Quiz noch nicht gespielt